000
00346nam a2200157Ia 4500
003
OSt
005
20240104113346.0
008
170524s9999 xx 000 0 und d
020
_a
9788120327382
040
_c
iimt university meerut
100
_a
PETERSON R
100
_c
2009
245
0
_a
BUSINESS ETHICS
260
_a
P.H.I
942
_2
ddc
_c
02
999
_c
2858
_d
2858